El deber de castigar /
Guardado en:
| Autor Principal: | |
|---|---|
| Otros Autores: | |
| Formato: | Libro |
| Publicado: |
Madrid :
La España moderna,
[1904]
|
| Materias: | |
| Etiquetas: |
Agregar Etiqueta
Sin Etiquetas, Sea el primero en etiquetar este registro!
|
| LEADER | 00504nam a22001575a 4500 | ||
|---|---|---|---|
| 001 | DER.der012136 | ||
| 008 | 180615s[1904]##ag#||||||||||||||#||||spa | ||
| 005 | 20241018181029.0 | ||
| 245 | 1 | 0 | |a El deber de castigar / |c Eugenio Mouton, traducido por José Gonzalez Alonso. |
| 260 | |a Madrid : |b La España moderna, |c [1904] | ||
| 300 | |a 258 p | ||
| 100 | 1 | |a Mouton, Eugenio | |
| 700 | 1 | |a Gonzalez Alonso, José |e traductor | |
| 082 | 0 | 4 | |a 364.6 |2 21 |
| 650 | 7 | |a Criminología | |
| 859 | |a DERECHO |b BIB. DERECHO |h 346.6 |i MOU |k CRM |p 006885 | ||
